Open mappings on locally compact spaces

Αποθηκεύτηκε σε:
Λεπτομέρειες βιβλιογραφικής εγγραφής
Κύριος συγγραφέας: Whyburn, Gordon Thomas, 1904-1969
Μορφή: Βιβλίο
Γλώσσα:English
Δημοσίευση: Providence, R.I. : American Mathematical Society, 1950
Σειρά:Memoirs of the American Mathematical Society ; ; 1
Θέματα:
Ετικέτες: Προσθήκη ετικέτας
Δεν υπάρχουν, Καταχωρήστε ετικέτα πρώτοι!

MARC

LEADER 00000nam a2200000 i 4500
001 1/45140
008 941103s1950 eng d
020 |a 0-8218-1201-7 
035 |a 1993  |l 10042463 
040 |a GR-MY-UA  |b gre  |e aacr 
041 0 |a eng 
082 0 |a 512.74 
100 1 |a Whyburn, Gordon Thomas,   |d 1904-1969. 
245 1 0 |a Open mappings on locally compact spaces /  |c by G.T. Whyburn 
260 |a Providence, R.I. :   |b American Mathematical Society,   |c 1950 
300 |a 23 p.;  |c 26 cm. 
490 1 |a Memoirs of the American Mathematical Society  |v ; 1 
500 |a Includes bibliographies 
650 0 0 |a Algebraic functions. 
830 0 |a Memoirs of the American Mathematical Society ;  |v ; 1 
852 |a INST  |b SAMOS  |e 19941103  |h 512.74 WHY  |p 005300002519  |q 005300002519  |t BK  |y 0 
909 |a Σ  |b 030481